Noose Report

সংরক্ষণ করুন:
গ্রন্থ-পঞ্জীর বিবরন
প্রধান লেখক: Hitchcock, Alfred
বিন্যাস: গ্রন্থ
ভাষা:Undetermined
প্রকাশিত: New York, Estados Unidos A Dell Book 1976
বিষয়গুলি:
ট্যাগগুলো: ট্যাগ যুক্ত করুন
কোনো ট্যাগ নেই, প্রথমজন হিসাবে ট্যাগ করুন!

MARC

LEADER 00000nam a2200000Ia 4500
008 170316s9999 xx 000 0 und d
040 |a cru BVZT 
090 |a 810 H-22n 
100 |a Hitchcock, Alfred 
245 |a Noose Report 
260 |a New York, Estados Unidos 
260 |b A Dell Book 
260 |c 1976 
300 |a 191 páginas 
650 |a LITERATURA ESTADOUNIDENSE 
650 |a HISTORIAS EN INGLÉS 
999 |c 5739  |d 5739 
942 |c 15 D  |h 810 H-22n  |2 z